¡Adivina! (Record no. 8916)

MARC details
000 -CABECERA
campo de control de longitud fija 00817nam a2200241 a 4500
001 - NÚMERO DE CONTROL
campo de control BRL_103
005 - FECHA Y HORA DE LA ÚLTIMA TRANSACCIÓN
campo de control 20190320210605.0
008 - DATOS DE LONGITUD FIJA--INFORMACIÓN GENERAL
campo de control de longitud fija 890912s1988 u--a#####c---#000-0ceng-#
041 ## - CÓDIGO DE LENGUA
Código de lengua del texto/banda sonora o título independiente engspa
044 ## - CÓDIGO DEL PAÍS DE LA ENTIDAD EDITORA/PRODUCTORA
Código MARC del país u
050 #4 - SIGNATURA TOPOGRÁFICA DE LA BIBLIOTECA DEL CONGRESO
Número de clasificación N6538.H58
Número de documento/Ítem .A35 1988
245 10 - MENCIÓN DE TÍTULO
Título ¡Adivina!
Resto del título Latino Chicago Expressions : April 22, 1988-July 10, 1988.
260 ## - PUBLICACIÓN, DISTRIBUCIÓN, ETC.
Lugar de publicación, distribución, etc. [Chicago]
Nombre del editor, distribuidor, etc. Mexican Fine Arts Center Museum
Fecha de publicación, distribución, etc. 1988
300 ## - DESCRIPCIÓN FÍSICA
Extensión 44 p.
Otras características físicas il. (algunas a color)
Dimensiones 24 cm.
500 ## - NOTA GENERAL
Nota general Catálogo de la exposición realizada en el Museo de Arte Moderno, 22 septiembre - 30 octubre, 1988
500 ## - NOTA GENERAL
Nota general Au158
546 ## - NOTA DE LENGUA/LENGUAJE
Nota de lengua/lenguaje Texto en: inglés y español
650 14 - PUNTO DE ACCESO ADICIONAL DE MATERIA--TÉRMINO DE MATERIA
Término de materia o nombre geográfico como elemento de entrada Arte hispanoamericano
Subdivisión cronológica Siglo XX
Subdivisión geográfica Illinois
9 (RLIN) 22921
710 2# - PUNTO DE ACCESO ADICIONAL--NOMBRE DE ENTIDAD CORPORATIVA
Nombre de entidad corporativa o nombre de jurisdicción como elemento de entrada Museo de Arte Moderno
9 (RLIN) 22922
740 0# - PUNTO DE ACCESO ADICIONAL--TÍTULO RELACIONADO O ANALÍTICO NO CONTROLADO
Título relacionado o analítico no controlado Latino Chicago Expressions
902 ## - CATALOGADOR
Iniciales GRL
942 ## - ELEMENTOS DE PUNTO DE ACCESO ADICIONAL (KOHA)
Fuente del sistema de clasificación o colocación Library of Congress Classification
Tipo de ítem Koha Libros
Holdings
Estado de retiro Estado de pérdida Estado dañado No para préstamo Localización permanente Ubicación/localización actual Fecha de adquisición Número de inventario Total de préstamos Signatura topográfica completa Código de barras Fecha visto por última vez Precio válido a partir de Tipo de ítem Koha
El ejemplar forma parte de la colección y puede ser consultado según las políticas vigentes.       Biblioteca Centro de Estudios Ruth D. Lechuga Biblioteca Centro de Estudios Ruth D. Lechuga 11/10/2012 Au158   N6538.H58 .A35 1988 (Au158) GRL00115 22/03/2019 22/03/2019 Libros